Agua de coco (Registro nro. 16930)

Detalles MARC
000 -CABECERA
Longitud fija campo de control 00539nam a22001937a 4500
003 - IDENTIFICADOR DELl NÚMERO DE CONTROL
Identificador del número de control OSt
005 - FECHA Y HORA DE LA ÚLTIMA TRANSACCIÓN
Fecha y hora de la última transacción 20191202153841.0
008 - CÓDIGOS DE INFORMACIÓN DE LONGITUD FIJA
Códigos de información de longitud fija 141217b xxu||||| |||| 00| 0 eng d
040 ## - FUENTE DE LA CATALOGACIÓN
Centro transcriptor BMC
082 ## - NÚMERO DE LA CLASIFICACIÓN DECIMAL DEWEY
Númeroo de clasificación 808.0687284
100 1# - PUNTO DE ACCESO PRINCIPAL-NOMBRE DE PERSONA
Nombre de persona Herrera Velado, Francisco
9 (RLIN) 29470
Fechas asociadas al nombre 1876-1966
245 10 - MENCIÓN DE TÍTULO
Título Agua de coco
Resto del título : tradiciones y cuentos
Mención de responsabilidad, etc. Francisco Herrera Velado
250 ## - MENCIÓN DE EDICIÓN
Mención de edición 6ª ed.
260 ## - PUBLICACIÓN, DISTRIBUCIÓN, ETC. (PIE DE IMPRENTA)
Lugar de publicación, distribución, etc. San Salvador
Nombre del editor, distribuidor, etc. UCA
Fecha de publicación, distribución, etc. [1976]
300 ## - DESCRIPCIÓN FÍSICA
Extensión 145 p., 2 h.
Dimensiones 20 cm
490 ## - MENCIÓN DE SERIE
Mención de serie Gavidia
Designación de volumen o secuencia 3
650 24 - PUNTO DE ACCESO ADICIONAL DE MATERIA - TÉRMINO DE MATERIA
9 (RLIN) 29639
Término de materia o nombre geográfico como elemento inicial Cuentos salvadoreños
942 ## - ENTRADA DE ELEMENTOS AGREGADOS (KOHA)
Fuente de clasificaión o esquema Dewey Decimal Classification
Koha [por defecto] tipo de item 1- Monografias
Existencias
Suprimido Perdido Fuente de clasificación o esquema Estropeado Restricciones de uso No para préstamo Código de colección Localización permanente Localización actual Localización en estanter&íacute;as Fecha adquisición Fuente de adquisición Número de inventario Préstamos totales Signatura completa Código de barras Fecha última consulta Coste, precio reemplazado Fecha del precio de reemplazo Tipo de item de Koha
NULL NULL Dewey Decimal Classification NULL Prestable NULL NULL Biblioteca Miguel de Cervantes - UNICAES Biblioteca Miguel de Cervantes - UNICAES Sala Principal 22/08/2003 Donación - Mayorga Rivas 026287   C HER agu 1026697 20/12/2014 22.74 20/12/2014 1- Monografias